000 00718nam a2200253 i 4500
001 15625
003 BD-RjUL
005 20211208235846.0
008 140210t2008 ii a b 001 0 eng
020 _a9788120334274
035 _a(BD-RjUL)15680
040 _aBD-RjUL
_cBD-RjUL
_beng
041 _aeng
082 0 4 _a330.95405
_bPAE 2008
100 1 _aPailwar, Veena Keshav.
_948513
245 1 0 _aEconomic environment of business /
_cVeena Keshav Pailwar.
260 _aNew Delhi :
_bPrentice-hall,
_cc2008.
300 _axv, 432 p. :
_bill. ;
_c23 cm.
504 _aIncludes index.
650 0 _aBusiness enterprises
_zIndia.
_948514
651 0 _aIndia
_xEconomic policy.
_948515
942 _2ddc
_cBK
999 _c15625
_d15625